Pokémon - Toutes les CS - Statistiques

Statistiques générales
  • Ce quiz a été pris 276 fois
  • Le résultat moyen est 9 sur 11
Statistiques - réponses
CS % Correct
Coupe
98%
Surf
98%
Vol
96%
Force
95%
Éclate-Roc
92%
Cascade
91%
Flash
86%
Escalade
82%
Plongée
75%
Siphon
46%
Anti-Brume
45%
Aucun quiz correspondant
Distribution des résultats
% des personnes avec chaque résultat
Percentile par nombre de réponses
Votre historique - résultats
Vous n’avez pas pris ce quiz